The Journal of the Royal Institution of Chartered Surveyors (Record no. 119123)

MARC details
000 -LEADER
fixed length control field 00795cas a22002175 4500
001 - CONTROL NUMBER
control field L139772
008 - FIXED-LENGTH DATA ELEMENTS--GENERAL INFORMATION
fixed length control field 070807d19461959xxkqr p 0 a0eng u
035 ## - SYSTEM CONTROL NUMBER
System control number (Sirsi) u139772
041 0# - LANGUAGE CODE
Language code of text/sound track or separate title eng
110 2# - MAIN ENTRY--CORPORATE NAME
Corporate name or jurisdiction name as entry element Royal Institution of Chartered Surveyors
9 (RLIN) 4900
245 04 - TITLE STATEMENT
Title The Journal of the Royal Institution of Chartered Surveyors
Remainder of title Scottish Supplement
260 ## - PUBLICATION, DISTRIBUTION, ETC.
Place of publication, distribution, etc. London
Date of publication, distribution, etc. RICS
-- 1946-1959
362 0# - DATES OF PUBLICATION AND/OR SEQUENTIAL DESIGNATION
Dates of publication and/or sequential designation London: 9(1) January 1946-22(4) October 1959
362 0# - DATES OF PUBLICATION AND/OR SEQUENTIAL DESIGNATION
Dates of publication and/or sequential designation Edinburgh: 9(1) January 1946-28(2) April 1965
554 ## -
-- Four per year
651 #4 - SUBJECT ADDED ENTRY--GEOGRAPHIC NAME
Geographic name Scotland
Chronological subdivision 1999-
690 ## - LOCAL SUBJECT ADDED ENTRY--TOPICAL TERM (OCLC, RLIN)
Topical term or geographic name as entry element MANAGEMENT-BUSINESS MANAGEMENT-PROFESSIONAL PRACTICE
780 00 - PRECEDING ENTRY
Title Journal of the Chartered Surveyors' Institution
Edition Scottish Supplement
785 00 - SUCCEEDING ENTRY
Title Chartered Surveyor
Edition Scottish Supplement
942 ## - ADDED ENTRY ELEMENTS (KOHA)
Suppress in OPAC 0
Holdings
Withdrawn status Lost status Source of classification or shelving scheme Damaged status Not for loan Home library Current library Shelving location Date acquired Total Checkouts Full call number Barcode Date last seen Price effective from Koha item type
    Dewey Decimal Classification     London London Basement 07/08/2007   SCOTTISH CHARTERED SURVEYOR 139772-1001 06/08/2019 06/08/2019 Journal